Комплексное спектрально-скоростное прогнозирование типов геологического разреза и фильтрационно-емкостных свойств коллекторов

Bibliografiske detaljer
Andre forfattere: Копилевич Е. А. Ефим Абрамович, Мушин И. А. Иосиф Аронович, Давыдова Е. А. Елена Александровна, Афанасьев М. Л. Михаил Лукьянович
Summary:В книге изложены результаты разработки и внедрения инновационной технологии прогнозирования типов геологического разреза и фильтрационно-емкостных свойств коллекторов. Технология основана на количественном спектрально-временном и псевдоакустическом преобразованиях сейсмической записи, кривых ГИС, данных гравиразведки, электроразведки, магниторазведки и комплексной интерпретации сертифицированных геофизических атрибутов с использованием искусственных нейронных сетей и статистических, спектрально-корреляционных алгоритмов. Результатами применения технологии являются карты (2D) и кубы (3D) определяемых геологических и петрофизических параметров. Технология основана на новых, запатентованных способах прогнозирования геологического разреза и показала свою эффективность в различных геологических условиях Тимано-Печорской НГП, Западной и Восточной Сибири. Книга предназначена для специалистов, занимающихся обработкой и интерпретацией геофизических данных и геологическим моделированием месторождений нефти и газа. Она будет полезной студентам геофизикам и геологам старших курсов, магистрантам и аспирантам геологических специальностей университетов
Sprog:russisk
Udgivet: Москва, Регулярная и хаотическая динамика, 2010
Serier:Библиотека нефтяного инжиниринга
Fag:
Format: Bog
KOHA link:https://koha.lib.tpu.ru/cgi-bin/koha/opac-detail.pl?biblionumber=195035

MARC

LEADER 00000nam0a2200000 4500
001 195035
005 20231101224609.0
010 |a 9785939728249 
035 |a (RuTPU)RU\TPU\book\212735 
090 |a 195035 
100 |a 20110503d2010 k y0rusy50 ca 
101 0 |a rus 
102 |a RU 
105 |a a z 001zy 
200 1 |a Комплексное спектрально-скоростное прогнозирование типов геологического разреза и фильтрационно-емкостных свойств коллекторов  |f Е. А. Копилевич [и др.] 
210 |a Москва  |c Регулярная и хаотическая динамика  |a Ижевск  |c Институт компьютерных исследований  |d 2010 
215 |a 247 с.  |c ил. 
225 1 |a Библиотека нефтяного инжиниринга 
320 |a Библиогр.: с. 238-246. 
330 |a В книге изложены результаты разработки и внедрения инновационной технологии прогнозирования типов геологического разреза и фильтрационно-емкостных свойств коллекторов. Технология основана на количественном спектрально-временном и псевдоакустическом преобразованиях сейсмической записи, кривых ГИС, данных гравиразведки, электроразведки, магниторазведки и комплексной интерпретации сертифицированных геофизических атрибутов с использованием искусственных нейронных сетей и статистических, спектрально-корреляционных алгоритмов. Результатами применения технологии являются карты (2D) и кубы (3D) определяемых геологических и петрофизических параметров. Технология основана на новых, запатентованных способах прогнозирования геологического разреза и показала свою эффективность в различных геологических условиях Тимано-Печорской НГП, Западной и Восточной Сибири. Книга предназначена для специалистов, занимающихся обработкой и интерпретацией геофизических данных и геологическим моделированием месторождений нефти и газа. Она будет полезной студентам геофизикам и геологам старших курсов, магистрантам и аспирантам геологических специальностей университетов 
606 1 |a Нефтегазоносность  |x Сейсмическая разведка  |2 stltpush  |3 (RuTPU)RU\TPU\subj\45621  |9 64814 
610 1 |a геологические разрезы 
610 1 |a спектрально-скоростное прогнозирование 
610 1 |a коллекторы 
610 1 |a фильтрационно-емкостные свойства 
610 1 |a ФЕС 
610 1 |a нефтегазовые месторождения 
610 1 |a количественное прогнозирование 
610 1 |a сейсмические атрибуты 
610 1 |a выбор 
610 1 |a обоснование 
610 1 |a сертификация 
610 1 |a комплексное прогнозирование 
610 1 |a нефтепродуктивность 
610 1 |a СВАН 
675 |a 553.98:550.834  |v 3 
701 1 |a Копилевич  |b Е. А.  |g Ефим Абрамович 
701 1 |a Мушин  |b И. А.  |g Иосиф Аронович 
701 1 |a Давыдова  |b Е. А.  |g Елена Александровна 
701 1 |a Афанасьев  |b М. Л.  |g Михаил Лукьянович 
801 1 |a RU  |b 63413507  |c 20110503 
801 2 |a RU  |b 63413507  |c 20121116  |g RCR 
942 |c BK 
959 |a 44/20110427  |d 1  |e 875,00  |f ЧЗТЛ:1